Loading...
| Science - Biology | 3 | 2 | 3 | 0 | 50 | 36 | 55.60 | 2 | 3 | 26.92 | 41.67 |
| Fine Arts - Classical Music | 1 | 3 | 0 | 0 | 45 | 65 | 83.75 | 0 | 2 | 15.81 | 29.17 |
| Science - Chemistry | 0 | 4 | 1 | 1 | 35 | 50 | 80.75 | 2 | 3 | 13.60 | 30.56 |
| Religion | 1 | 0 | 0 | 0 | 15 | 49 | 49.00 | 0 | 0 | 7.11 | 6.94 |
| Social Science | 0 | 1 | 0 | 0 | 10 | 75 | 75.00 | 0 | 0 | 4.94 | 5.56 |
| Literature - World | 0 | 1 | 0 | 0 | 10 | 80 | 80.00 | 0 | 1 | 5.06 | 8.33 |
| Philosophy | 0 | 1 | 0 | 1 | 10 | 135 | 135.00 | 0 | 0 | 0.08 | 4.17 |
| Science - Other | 0 | 1 | 0 | 0 | 10 | 68 | 68.00 | 1 | 1 | 5.65 | 10.94 |
| Current Events | 0 | 1 | 0 | 0 | 10 | 78 | 78.00 | 0 | 1 | 16.67 | 37.50 |
| Science - Physics | 0 | 1 | 1 | 0 | 5 | 61 | 61.00 | 0 | 1 | 4.84 | 9.72 |
| Other Academic | 0 | 0 | 1 | 0 | -5 | 0.00 | 0 | 0 | 0.00 | 0.00 | |
| History - World | 0 | 0 | 1 | 0 | -5 | 0.00 | 0 | 0 | 0.00 | 0.00 |